<?xml version="1.0" encoding="UTF-8"?>
<record
    xmlns:xsi="http://www.w3.org/2001/XMLSchema-instance"
    xsi:schemaLocation="http://www.loc.gov/MARC21/slim http://www.loc.gov/standards/marcxml/schema/MARC21slim.xsd"
    xmlns="http://www.loc.gov/MARC21/slim">

  <leader>01373nam a22002177a 4500</leader>
  <controlfield tag="003">OSt</controlfield>
  <controlfield tag="005">20230626125830.0</controlfield>
  <controlfield tag="008">230626s2006    ag ||||| |||| 00| 1 spa d</controlfield>
  <datafield tag="020" ind1=" " ind2=" ">
    <subfield code="a">9870404553</subfield>
  </datafield>
  <datafield tag="040" ind1=" " ind2=" ">
    <subfield code="c">besoc</subfield>
  </datafield>
  <datafield tag="100" ind1="1" ind2=" ">
    <subfield code="a">O'Brian, Patrick</subfield>
    <subfield code="d">(1914-2000)</subfield>
    <subfield code="e">autor</subfield>
  </datafield>
  <datafield tag="245" ind1=" " ind2=" ">
    <subfield code="a">Capit&#xE1;n de mar y guerra /</subfield>
    <subfield code="c">Patrick O'Brian ; traducci&#xF3;n de Concha Folcr&#xE1; y Aleida Lama Montes de Oca</subfield>
  </datafield>
  <datafield tag="250" ind1=" " ind2=" ">
    <subfield code="a">1a ed.</subfield>
  </datafield>
  <datafield tag="260" ind1=" " ind2=" ">
    <subfield code="a">Buenos Aires :</subfield>
    <subfield code="b">Aguilar,</subfield>
    <subfield code="c">2006</subfield>
  </datafield>
  <datafield tag="300" ind1=" " ind2=" ">
    <subfield code="a">447 p.</subfield>
  </datafield>
  <datafield tag="520" ind1=" " ind2=" ">
    <subfield code="a">Entre el cabo de Creus y Gibraltar, a comienzos del siglo XIX se suceden los combates de la Armada Inglesa contra nav&#xED;os de vela que atraviesan el mediterr&#xE1;neo, especialmente los franceses, en plena expansi&#xF3;n napole&#xF3;nica. La Sophie -corbeta un tanto rechoncha y desvencijada al servicio de Su Majestad- con sus dos palos, doce ca&#xF1;ones y una tripulaci&#xF3;n que deja bastante que desear ha de escoltar a doce barcos mercantes. A bordo tambi&#xE9;n se enfrentan distintas formas de afrontar la guerra y la vida en el mar. 
Mientras al capit&#xE1;n Jack Aubrey le mueve su ansia por conseguir botines, al cirujano Maturin le interesa la ciencia, y el impecable oficial Dillons lucha por honor [Nota del editor]</subfield>
  </datafield>
  <datafield tag="650" ind1=" " ind2="4">
    <subfield code="a">Literatura brit&#xE1;nica</subfield>
    <subfield code="v">Novelas hist&#xF3;ricas</subfield>
    <subfield code="y">Siglo XX</subfield>
  </datafield>
  <datafield tag="700" ind1="1" ind2=" ">
    <subfield code="a">Folcr&#xE1;, Concha</subfield>
    <subfield code="e">traductor</subfield>
  </datafield>
  <datafield tag="700" ind1="1" ind2=" ">
    <subfield code="a">Lama Montes de Oca, Aleida </subfield>
    <subfield code="e">traductor</subfield>
  </datafield>
  <datafield tag="942" ind1=" " ind2=" ">
    <subfield code="2">udc</subfield>
    <subfield code="c">OG</subfield>
    <subfield code="n">0</subfield>
  </datafield>
  <datafield tag="999" ind1=" " ind2=" ">
    <subfield code="c">8</subfield>
    <subfield code="d">8</subfield>
  </datafield>
  <datafield tag="952" ind1=" " ind2=" ">
    <subfield code="0">0</subfield>
    <subfield code="1">0</subfield>
    <subfield code="2">udc</subfield>
    <subfield code="4">0</subfield>
    <subfield code="7">0</subfield>
    <subfield code="8">CG</subfield>
    <subfield code="a">ESOCIALES</subfield>
    <subfield code="b">ESOCIALES</subfield>
    <subfield code="d">2023-06-26</subfield>
    <subfield code="l">0</subfield>
    <subfield code="o">82-311.6(410.1) OB999 Caja400/425</subfield>
    <subfield code="p">000437</subfield>
    <subfield code="r">2023-06-26 00:00:00</subfield>
    <subfield code="w">2023-06-26</subfield>
    <subfield code="y">OG</subfield>
  </datafield>
</record>
